书目信息 |
| 题名: |
奥林匹克运动
|
|
| 作者: | 李伏生 编 | |
| 分册: | ||
| 出版信息: | 上海 少年儿童出版社 1984 |
|
| 页数: | 155页 | |
| 开本: | 19cm | |
| 丛书名: | ||
| 单 册: | ||
| 中图分类: | G811.21 | |
| 科图分类: | ||
| 主题词: | ||
| 电子资源: | ||
| ISBN: | ||
| 000 | 00610nam0 2200241 45 | |
| 001 | 0184003059 | |
| 005 | 20060803085219.89 | |
| 010 | @dCNY0.43 | |
| 091 | @aCN@b7024.204 | |
| 100 | @a19950502d1984 demy0chiy0121 ea | |
| 101 | 0 | @achi |
| 102 | @aCN@b310000 | |
| 105 | @ay 000yy | |
| 200 | 10 | @a奥林匹克运动@Aao lin pi ke yun dong@f李伏生编 |
| 210 | @a上海@c少年儿童出版社@d1984 | |
| 215 | @a155页@d19cm | |
| 320 | @a附录 | |
| 601 | 02 | @a奥运会@x少年读物 |
| 690 | @aG811.21@v3 | |
| 701 | 0 | @a李伏生@Ali fu sheng@4编 |
| 801 | 2 | @aCN@bNLC@c20060803 |
| 801 | 0 | @aCN@bTSSF |
| 905 | @a10447@dG811.21@e30 | |
| 奥林匹克运动/李伏生编.-上海:少年儿童出版社,1984 |
| 155页;19cm |
| ISBN :CNY0.43 |
| ● |
| 相关链接 |
|
|
|
|
正题名:奥林匹克运动
索取号:G811.21/30
 
预约/预借
| 序号 | 登录号 | 条形码 | 馆藏地/架位号 | 状态 | 备注 |
| 1 | 0442192 | 204421928 | 密集书库/ [索取号:G811.21/30] | 在馆 | |
| 2 | 0442193 | 204421937 | 密集书库/ [索取号:G811.21/30] | 在馆 |